Pan-islam in british indian politics : (Record no. 344038)
[ view plain ]
| 000 -LEADER | |
|---|---|
| fixed length control field | 01196 a2200229 4500 |
| 020 ## - INTERNATIONAL STANDARD BOOK NUMBER | |
| International Standard Book Number | 9004113711 |
| 020 ## - INTERNATIONAL STANDARD BOOK NUMBER | |
| International Standard Book Number | 9789004113718 |
| 082 04 - DEWEY DECIMAL CLASSIFICATION NUMBER | |
| Classification number | 954.0350882971 |
| 090 ## - LOCALLY ASSIGNED LC-TYPE CALL NUMBER (OCLC); LOCAL CALL NUMBER (RLIN) | |
| -- | 1519 |
| -- | 1519 |
| 100 1# - MAIN ENTRY--PERSONAL NAME | |
| Personal name | Qureshi, M. Naeem. |
| 245 10 - TITLE STATEMENT | |
| Title | Pan-islam in british indian politics : |
| Remainder of title | a study of the khilafat movement, 1918-1924 / |
| Statement of responsibility, etc. | M. Naeem Qureshi. |
| 250 ## - EDITION STATEMENT | |
| Edition statement | illustrated edition ed. |
| 260 ## - PUBLICATION, DISTRIBUTION, ETC. | |
| Place of publication, distribution, etc. | [S.l.] : |
| Name of publisher, distributor, etc. | Brill Academic Publishers, |
| Date of publication, distribution, etc. | 1999. |
| 300 ## - PHYSICAL DESCRIPTION | |
| Extent | 543 p. ; |
| Dimensions | 25 cm. |
| 490 1# - SERIES STATEMENT | |
| Series statement | Social, economic and political studies of the middle east and asia. |
| 500 ## - GENERAL NOTE | |
| General note | Hardcover. |
| 520 ## - SUMMARY, ETC. | |
| Summary, etc. | This work shows links between pan-Islam and nationalist movements in the 19th and 20th centuries, focusing on the Khilafat movement (1918-1924). Using a variety of archive and source material the book examines the transition of Muslim politics from pan-Islam to territorial nationalism. |
| 830 #0 - SERIES ADDED ENTRY--UNIFORM TITLE | |
| Uniform title | Social, economic and political studies of the middle east and asia. |
| 856 40 - ELECTRONIC LOCATION AND ACCESS | |
| Materials specified | Amazon.com |
| Uniform Resource Identifier | <a href="http://www.amazon.com/exec/obidos/ASIN/9004113711/chopaconline-20">http://www.amazon.com/exec/obidos/ASIN/9004113711/chopaconline-20</a> |
| 856 40 - ELECTRONIC LOCATION AND ACCESS | |
| Materials specified | Amazon customer reviews |
| Uniform Resource Identifier | <a href="http://www.chopac.org/cgi-bin/tools/azrev.pl?q=9004113711">http://www.chopac.org/cgi-bin/tools/azrev.pl?q=9004113711</a> |
| 942 ## - ADDED ENTRY ELEMENTS (KOHA) | |
| Institution code [OBSOLETE] | NBS |
| Koha item type | Book |
| Call number prefix | 954.0350882971 PAN |
| Withdrawn status | Lost status | Damaged status | Not for loan | Permanent Location | Current Location | Date acquired | Total Checkouts | Full call number | Barcode | Date last seen | Date last checked out | Price effective from | Koha item type |
|---|---|---|---|---|---|---|---|---|---|---|---|---|---|
| Central Library (CL) | Central Library (CL) | 08/28/2013 | 1 | 954.0350882971 PAN | NBS2730 | 11/23/2017 | 08/29/2017 | 08/28/2013 | Book |
